| 000 | 00451nam a22001697a 4500 | ||
|---|---|---|---|
| 005 | 20251108163352.0 | ||
| 008 | 250721s1989 xx 000 0 ara d | ||
| 082 | 1 | 4 | _a136.7/عصا |
| 100 | 1 | _aنمر، عصام | |
| 245 | 1 | 0 | _aالطفل و الأسرة و المجتمع / |
| 264 | 1 |
_aعمان : _bدار الفكر، _c1989. |
|
| 300 | _a149ص | ||
| 650 | 1 | 7 | _aالأطفال |
| 700 | 1 | _aسمارة، عزيز | |
| 942 |
_2ddc _cBK |
||
| 999 |
_c922 _d922 |
||